First level subdivisions surrounding the Netherlands - Statistics

General Stats
  • This quiz has been taken 20 times
  • The average score is 3 of 5
Answer Stats
Hint Answer % Correct
Belgium Wallonia
81%
Belgium Flanders
69%
Germany Niedersachsen
63%
Germany Nordrhein-Westfahlen
63%
France Saint-Martin
38%
No matching quizzes found
Score Distribution
Percent of People with Each Score
Percentile by Number Answered
Your Score History
You have not taken this quiz